| 000 | 00698cam a22002173a 4500 | ||
|---|---|---|---|
| 001 | 39704 | ||
| 003 | PGUSA | ||
| 005 | 20140828083901.0 | ||
| 008 | 120515s2012||||xxu|||||s|||||000 | eng d | ||
| 040 |
_aPGUSA _beng |
||
| 042 | _adc | ||
| 100 | 1 |
_aMuratori, Ludovico Antonio, _d1672-1750 |
|
| 245 | 1 | 0 |
_aAnnali d'Italia, vol. 1 : _bdal principio dell'era volgare sino all'anno 1750 _h[electronic resource] / _cLudovico Antonio Muratori |
| 260 |
_bProject Gutenberg, _c2012 |
||
| 506 | _aPublic domain in the USA. | ||
| 516 | _aElectronic text | ||
| 700 | 1 | _aNapione, Gian Francesco Galeani | |
| 830 | 0 |
_aProject Gutenberg _v39704 |
|
| 856 | 4 | 0 | _uhttp://www.gutenberg.org/ebooks/39704 |
| 942 | _cEB | ||
| 999 |
_c268957 _d268957 |
||